[Event "10th Kings Rapid RR 2016"]
[Site "Medias ROU"]
[Date "2016.11.29"]
[Round "5.3"]
[White "Marin, Mihail"]
[Black "Foisor, Cristina-Adela"]
[Result "1-0"]
[WhiteTitle "GM"]
[BlackTitle "IM"]
[WhiteElo "2549"]
[BlackElo "2360"]
[WhiteFideId "1200020"]
[BlackFideId "1200496"]
[EventDate "2016.11.28"]

1. Nf3 g6 2. e4 d6 3. d4 Bg7 4. c3 Nf6 5. Bd3 O-O 6. O-O Nc6 7. Nbd2 e5 8. Re1
Re8 9. d5 Nb8 10. c4 a5 11. Rb1 Na6 12. b3 Nc5 13. Bc2 c6 14. Nf1 cxd5 15. cxd5
b5 16. Ng3 b4 17. Bg5 Qb6 18. h3 Ba6 19. Qd2 Ncd7 20. Bd3 Rac8 21. Bxa6 Qxa6 22.
Rbc1 Rxc1 23. Rxc1 Rc8 24. Rxc8+ Qxc8 25. Be3 h5 26. Qd3 Nc5 27. Qc4 Nfd7 28.
Qb5 Qa8 29. Qc6 Qa6 30. Nd2 h4 31. Ngf1 Bf8 32. Nc4 f5 33. Nfd2 a4 34. Qxa6 Nxa6
35. bxa4 Ndc5 36. a5 fxe4 37. Bxc5 Nxc5 38. Nxe4 Na6 39. Kf1 Kf7 40. Ke2 Ke8 41.
Nexd6+ Bxd6 42. Nxd6+ Kd7 43. Nc4 Nc7 44. d6 Nb5 45. a6 Kc6 46. Ke3 Na7 47. Ke4 1-0

[Event "10th Kings Rapid RR 2016"]
[Site "Medias ROU"]
[Date "2016.11.29"]
[Round "5.4"]
[White "Cosma, Elena-Luminita"]
[Black "Sgircea, Silvia-Raluca"]
[Result "1-0"]
[WhiteTitle "WGM"]
[BlackTitle "WIM"]
[WhiteElo "2324"]
[BlackElo "2281"]
[WhiteFideId "1201590"]
[BlackFideId "1213776"]
[EventDate "2016.11.28"]

1. d4 d5 2. Bf4 Nf6 3. e3 b6 4. Nf3 e6 5. c4 Bd6 6. Bg3 O-O 7. Nc3 c5 8. cxd5
cxd4 9. Nxd4 Nxd5 10. Nxd5 Bxg3 11. hxg3 Qxd5 12. Be2 Bb7 13. Qb1 h6 14. Bf3 Qd7
15. Bxb7 Qxb7 16. O-O Nd7 17. Rd1 Rfd8 18. Qd3 Nf6 19. Qe2 Rd7 20. Rdc1 Rc8 21.
Qf3 Rxc1+ 22. Rxc1 Qxf3 23. gxf3 Nd5 24. Rc8+ Kh7 25. a3 Rc7 26. Ra8 e5 27. Nf5
Kg6 28. e4 Ne7 29. Ne3 Rd7 30. Kg2 Kf6 31. Re8 h5 32. f4 exf4 33. gxf4 g6 34.
Kf3 Rd2 35. Ra8 Rxb2 36. Rxa7 Rb3 37. a4 Nc6 38. Kg2 Ke6 39. Rc7 Ne7 40. Rb7 f5
41. e5 Nd5 42. Nxd5 Kxd5 43. a5 b5 44. Rb6 Ke4 45. e6 Kd5 1-0

[Event "10th Kings Rapid RR 2016"]
[Site "Medias ROU"]
[Date "2016.11.29"]
[Round "5.5"]
[White "Nevednichy, Vladislav"]
[Black "Vajda, Levente"]
[Result "1/2-1/2"]
[WhiteTitle "GM"]
[BlackTitle "GM"]
[WhiteElo "2541"]
[BlackElo "2597"]
[WhiteFideId "1205730"]
[BlackFideId "1203975"]
[EventDate "2016.11.28"]

1. c4 Nf6 2. Nc3 g6 3. e4 d6 4. d4 Bg7 5. Be2 Nbd7 6. Bg5 c5 7. d5 b5 8. cxb5 a6
9. a4 Qa5 10. Bd2 axb5 11. Bxb5 O-O 12. Nf3 Qc7 13. O-O Bb7 14. Re1 c4 15. Rc1
Ng4 16. Bf4 Nge5 17. Nxe5 Nxe5 18. Nb1 Qd8 19. Bxe5 Bxe5 20. Re2 e6 21. Bxc4
exd5 22. Bxd5 Bxd5 23. exd5 Qh4 24. g3 Qxa4 25. Qxa4 Rxa4 1/2-1/2

[Event "10th Kings Rapid RR 2016"]
[Site "Medias ROU"]
[Date "2016.11.29"]
[Round "6.1"]
[White "Jianu, Vlad-Cristian"]
[Black "Vajda, Levente"]
[Result "1-0"]
[WhiteTitle "GM"]
[BlackTitle "GM"]
[WhiteElo "2544"]
[BlackElo "2597"]
[WhiteFideId "1208110"]
[BlackFideId "1203975"]
[EventDate "2016.11.28"]

1. d4 Nf6 2. c4 c5 3. d5 b5 4. cxb5 a6 5. bxa6 g6 6. Nc3 Bxa6 7. Nf3 Bg7 8. e4
Bxf1 9. Kxf1 O-O 10. g3 d6 11. Kg2 Qa5 12. Bd2 Na6 13. a4 Nb4 14. Qe2 Rfe8 15.
Nb5 Rad8 16. Rhe1 e6 17. dxe6 Rxe6 18. Qc4 Nxe4 19. Bxb4 Qxb4 20. Qxb4 cxb4 21.
Nfd4 Ree8 22. a5 Nc5 23. Rxe8+ Rxe8 24. a6 Bf6 25. a7 Ra8 26. Nc6 Ne6 27. Ra6 1-0

[Event "10th Kings Rapid RR 2016"]
[Site "Medias ROU"]
[Date "2016.11.29"]
[Round "6.2"]
[White "Sgircea, Silvia-Raluca"]
[Black "Nevednichy, Vladislav"]
[Result "1/2-1/2"]
[WhiteTitle "WIM"]
[BlackTitle "GM"]
[WhiteElo "2281"]
[BlackElo "2541"]
[WhiteFideId "1213776"]
[BlackFideId "1205730"]
[EventDate "2016.11.28"]

1. Nf3 d5 2. d4 Nf6 3. Bf4 e6 4. e3 Bd6 5. Bg3 O-O 6. Bd3 b6 7. c4 Bb7 8. Nc3 c5
9. O-O Bxg3 10. hxg3 cxd4 11. Nxd4 e5 12. Ndb5 a6 13. Na3 d4 14. exd4 exd4 15.
Ne2 Nc6 16. Nc2 g6 17. Qd2 Qd6 18. Rad1 Rad8 19. Qf4 Rfe8 20. Rfe1 a5 21. Qxd6
Rxd6 22. Nf4 Red8 23. Bf1 Kf8 24. Nd3 Nd7 25. Nf4 Nf6 26. Nd3 Nd7 27. Nf4 Nc5
28. Nd5 b5 29. b3 bxc4 30. bxc4 Na4 31. Nxd4 Nxd4 32. Rxd4 Nc3 33. Rc1 Nxa2 34.
Ra1 Nb4 35. Rh4 Nxd5 36. cxd5 Rxd5 37. Rxh7 Kg8 38. Rh4 Rc5 39. Rha4 Ra8 40. Be2
Bc6 41. R4a3 Ra7 42. Bf3 Bd7 43. Bd1 Kg7 44. Ba4 Bf5 45. f3 Rac7 46. Kh2 g5 47.
g4 Bc8 48. Bd1 Ra7 49. Kg3 Kf6 50. Rb1 Be6 51. Ba4 Rac7 52. Bd1 Ke5 53. Rba1 Ra7
54. Ba4 Kf6 55. Bb3 Bxb3 56. Rxb3 a4 57. Rba3 Rc4 58. Rb1 Ra5 59. Rb7 Rd5 60.
Ra7 Rd2 61. R3xa4 Rcc2 62. f4 Rxg2+ 63. Kf3 Rgf2+ 64. Kg3 Rg2+ 65. Kf3 Rcf2+ 66.
Ke3 Re2+ 67. Kf3 Ref2+ 68. Ke3 Rf1 69. R7a6+ Kg7 70. fxg5 Rg3+ 71. Ke2 Rb1 72.
Kf2 Rc3 73. Ra2 Rbb3 74. Rf6 Rb7 75. Rf3 Rc4 76. Ra5 Rxg4 77. Raf5 Re4 78. Kg3
Re6 1/2-1/2

[Event "10th Kings Rapid RR 2016"]
[Site "Medias ROU"]
[Date "2016.11.29"]
[Round "6.3"]
[White "Foisor, Cristina-Adela"]
[Black "Cosma, Elena-Luminita"]
[Result "0-1"]
[WhiteTitle "IM"]
[BlackTitle "WGM"]
[WhiteElo "2360"]
[BlackElo "2324"]
[WhiteFideId "1200496"]
[BlackFideId "1201590"]
[EventDate "2016.11.28"]

1. c4 e6 2. g3 d5 3. Bg2 Nf6 4. Nf3 dxc4 5. Qa4+ Nbd7 6. Qxc4 c5 7. O-O Rb8 8.
b3 b5 9. Qc2 Bb7 10. Bb2 Be7 11. d3 O-O 12. Nbd2 Qb6 13. Rad1 Rbd8 14. Qb1 Rfe8
15. a3 Bf8 16. Qa1 a6 17. Ne1 e5 18. Nc2 Bxg2 19. Kxg2 Qb7+ 20. f3 Nb6 21. Bxe5
Ng4 22. Bf4 Rxe2+ 23. Kg1 Nxh2 24. Rf2 Rxd2 25. Bxd2 Nxf3+ 26. Kf1 Rxd3 27. Ne1
Nxe1 28. Bxe1 Qh1+ 29. Ke2 Qe4+ 30. Kf1 Rxg3 31. Qb1 Qg4 32. Rf5 Rg1+ 33. Kf2
Rg2+ 34. Ke3 Qe2+ 35. Kf4 Rg4# 0-1

[Event "10th Kings Rapid RR 2016"]
[Site "Medias ROU"]
[Date "2016.11.29"]
[Round "6.4"]
[White "Bulmaga, Irina"]
[Black "Marin, Mihail"]
[Result "0-1"]
[WhiteTitle "IM"]
[BlackTitle "GM"]
[WhiteElo "2387"]
[BlackElo "2549"]
[WhiteFideId "13903063"]
[BlackFideId "1200020"]
[EventDate "2016.11.28"]

1. e4 c6 2. d4 d5 3. e5 Bf5 4. Nf3 e6 5. Be2 Nd7 6. O-O h6 7. Nbd2 Ne7 8. c3 Bh7
9. b4 a5 10. Nb3 axb4 11. cxb4 Nc8 12. a3 b5 13. Nc5 Ncb6 14. Nd2 Be7 15. Ndb3
O-O 16. Bg4 Nc4 17. f4 Kh8 18. Qf3 Nxc5 19. bxc5 Bf5 20. Bxf5 exf5 21. Qh5 Qd7
22. g4 Kh7 23. Qxf5+ Qxf5 24. gxf5 Ra4 25. Kf2 Rfa8 26. Rb1 Nxa3 27. Bxa3 Rxa3
28. Rb2 R8a4 29. Ke2 Bd8 30. Rfb1 Kg8 31. Kd2 Kf8 32. Ke2 g6 33. fxg6 fxg6 34.
Rg1 Kf7 35. Kd2 Rb4 36. Rg3 Ba5 37. Ke2 Rc4 38. Nxa5 Rxa5 39. Rd2 Raa4 40. Rgd3
Ke6 41. Ke3 Kf5 42. Rg2 Rc1 43. Rdd2 Ra3+ 44. Kf2 Rcc3 45. e6 Rf3+ 46. Ke1 Rfe3+
47. Rge2 Kxe6 48. Kf2 Re4 49. Rxe4+ dxe4 50. Ke1 Kd5 51. Ke2 Rh3 52. Kf1 Rh4 53.
Rf2 Kxd4 54. Ke2 Rg4 55. f5 gxf5 0-1

[Event "10th Kings Rapid RR 2016"]
[Site "Medias ROU"]
[Date "2016.11.29"]
[Round "6.5"]
[White "Peptan, Corina-Isabela"]
[Black "Deac, Bogdan-Daniel"]
[Result "1-0"]
[WhiteTitle "IM"]
[BlackTitle "GM"]
[WhiteElo "2395"]
[BlackElo "2559"]
[WhiteFideId "1201930"]
[BlackFideId "1226380"]
[EventDate "2016.11.28"]

1. d4 Nf6 2. c4 g6 3. Nf3 Bg7 4. Nc3 d5 5. cxd5 Nxd5 6. Bd2 Nb6 7. e3 N8d7 8. a4
a5 9. Rc1 c6 10. Ne4 O-O 11. Be2 e5 12. O-O Qe7 13. dxe5 Nxe5 14. Qb3 Nd5 15.
Nc5 Nd7 16. Nxd7 Bxd7 17. Bc4 Nb4 18. Bc3 b5 19. Bxg7 Kxg7 20. Qc3+ f6 21. Bb3
Rfe8 22. Rcd1 c5 23. axb5 Bxb5 24. Bc4 Bc6 25. Ng5 Bd7 26. Rd2 Ra7 27. h3 Qe5
28. Qxe5 Rxe5 29. Rfd1 Bf5 30. Nf3 Ree7 31. Ne1 a4 32. Nd3 Nxd3 33. Bxd3 Be6 34.
Rc1 Red7 35. Rdd1 Rab7 36. Bc2 Rb4 37. Ra1 Ra7 38. Kf1 Bc4+ 39. Kg1 Bb5 40. Ra2
Bc4 41. Ra3 Rxb2 42. Rxa4 Rxa4 43. Bxa4 Ra2 44. Bc6 Bb3 45. Rc1 Rc2 46. Rxc2
Bxc2 47. Kf1 c4 48. Ke2 c3 49. Bb5 Bb1 50. f3 g5 51. Kd1 Bg6 52. e4 f5 53. Bd3
fxe4 54. fxe4 Kf6 55. Kc2 Ke5 56. Kxc3 Bxe4 57. g3 h5 58. Be2 Bg6 59. Bf3 h4 60.
gxh4 gxh4 61. Bg4 Kf4 62. Kd2 Be4 63. Ke2 Kg3 64. Kf1 1-0

[Event "10th Kings Rapid RR 2016"]
[Site "Medias ROU"]
[Date "2016.11.29"]
[Round "7.1"]
[White "Deac, Bogdan-Daniel"]
[Black "Jianu, Vlad-Cristian"]
[Result "0-1"]
[WhiteTitle "GM"]
[BlackTitle "GM"]
[WhiteElo "2559"]
[BlackElo "2544"]
[WhiteFideId "1226380"]
[BlackFideId "1208110"]
[EventDate "2016.11.28"]

1. Nf3 Nf6 2. c4 e6 3. Nc3 d5 4. d4 c5 5. cxd5 Nxd5 6. e4 Nxc3 7. bxc3 cxd4 8.
cxd4 Bb4+ 9. Bd2 Bxd2+ 10. Qxd2 O-O 11. Bc4 b6 12. O-O Bb7 13. Rfe1 Nd7 14. a4
Rc8 15. Bd3 a5 16. h3 h6 17. Ra3 Qc7 18. Qb2 Rfd8 19. Rb3 Bc6 20. Rc3 Qb7 21.
Bc2 Nf6 22. Rce3 b5 23. axb5 Qxb5 24. Rb3 Qa6 25. Ne5 Ba4 26. Bd3 Qd6 27. Rc3
Rxc3 28. Qxc3 Qxd4 29. Qxa5 Rc8 30. Nf3 Qxd3 31. Qxa4 Qc4 32. Qa7 Qc5 33. Qb7
Qc6 34. Qxc6 Rxc6 35. Ne5 Rc2 36. Ng4 Nxg4 37. hxg4 Kh7 38. f3 Kg6 39. Kh2 e5 0-1

[Event "10th Kings Rapid RR 2016"]
[Site "Medias ROU"]
[Date "2016.11.29"]
[Round "7.2"]
[White "Marin, Mihail"]
[Black "Peptan, Corina-Isabela"]
[Result "1-0"]
[WhiteTitle "GM"]
[BlackTitle "IM"]
[WhiteElo "2549"]
[BlackElo "2395"]
[WhiteFideId "1200020"]
[BlackFideId "1201930"]
[EventDate "2016.11.28"]

1. d4 Nf6 2. c4 e6 3. g3 Bb4+ 4. Bd2 Be7 5. Bg2 c6 6. Nf3 d5 7. Qc2 b6 8. O-O
Bb7 9. Rd1 Nbd7 10. b3 O-O 11. Nc3 Ba6 12. Bf4 Rc8 13. e4 dxc4 14. Nd2 Nh5 15.
bxc4 Nxf4 16. gxf4 Nf6 17. Ne2 b5 18. c5 Ng4 19. h3 Nh6 20. Rab1 f5 21. e5 Rc7
22. Kh2 Kh8 23. Rb3 Bh4 24. Kg1 Qe8 25. Nf3 Bd8 26. Ng3 Ng8 27. Nf1 Ne7 28. Ng3
Nd5 29. Qc1 Rd7 30. Ne1 Bb7 31. a4 a6 32. Nd3 Ba5 33. axb5 axb5 34. Qa1 Bd8 35.
Bxd5 Rxd5 36. Nb4 Rd7 37. Nf1 Qg6+ 38. Rg3 Qh6 39. Nd3 Bh4 40. Rf3 g5 41. fxg5
Qxg5+ 42. Kh1 Rg8 43. Ng3 f4 44. Nxf4 Qh6 45. Rg1 Rf8 46. Nge2 Rdf7 47. Rg4 Bg5
48. Qc1 b4 49. Qg1 Bxf4 50. Nxf4 Ba6 51. Rfg3 1-0

[Event "10th Kings Rapid RR 2016"]
[Site "Medias ROU"]
[Date "2016.11.29"]
[Round "7.3"]
[White "Cosma, Elena-Luminita"]
[Black "Bulmaga, Irina"]
[Result "0-1"]
[WhiteTitle "WGM"]
[BlackTitle "IM"]
[WhiteElo "2324"]
[BlackElo "2387"]
[WhiteFideId "1201590"]
[BlackFideId "13903063"]
[EventDate "2016.11.28"]

1. d4 Nf6 2. Nf3 e6 3. g3 d5 4. Bg2 Be7 5. c4 dxc4 6. Qc2 O-O 7. Qxc4 a6 8. Bg5
h6 9. Bxf6 Bxf6 10. O-O b5 11. Qc2 Bb7 12. Nc3 Nd7 13. Rad1 Qc8 14. e4 c5 15. e5
Be7 16. d5 exd5 17. Nxd5 Bxd5 18. Rxd5 Nb6 19. Rdd1 Qe6 20. b3 Rad8 21. h4 Rfe8
22. Kh2 Bf8 23. Qe4 Nd5 24. Bh3 Qc6 25. e6 fxe6 26. Ne5 Qc7 27. Ng6 Qf7 28. Ne5
Qc7 29. Ng6 Qf7 30. Ne5 Qc7 0-1

[Event "10th Kings Rapid RR 2016"]
[Site "Medias ROU"]
[Date "2016.11.29"]
[Round "7.4"]
[White "Nevednichy, Vladislav"]
[Black "Foisor, Cristina-Adela"]
[Result "1/2-1/2"]
[WhiteTitle "GM"]
[BlackTitle "IM"]
[WhiteElo "2541"]
[BlackElo "2360"]
[WhiteFideId "1205730"]
[BlackFideId "1200496"]
[EventDate "2016.11.28"]

1. e4 e5 2. Nf3 Nc6 3. Bc4 Bc5 4. d3 Nf6 5. O-O O-O 6. a4 a6 7. c3 d6 8. h3 h6
9. Re1 Ba7 10. a5 Re8 11. Nbd2 Be6 12. Bxe6 Rxe6 13. Nc4 d5 14. exd5 Qxd5 15.
Ne3 Bxe3 16. Bxe3 Rd8 17. d4 exd4 18. Nxd4 Nxd4 19. Bxd4 Rxe1+ 20. Qxe1 Re8 21.
Qd1 Re6 22. Bxf6 Qxd1+ 23. Rxd1 gxf6 24. Rd7 Rc6 25. Kf1 Rc5 26. Ke2 Kf8 27.
Rd8+ Ke7 28. Rb8 Rxa5 29. Rxb7 Kd7 30. Rb4 h5 31. g3 Kd6 32. Kd3 Rf5 33. f4 Ra5
34. Rb8 Rd5+ 35. Ke3 Ke7 36. b4 Rd1 37. Rh8 Rg1 38. Rxh5 Rxg3+ 39. Kd4 Rf3 40.
Rh4 Ke6 41. c4 Kf5 42. Kc5 Ke4 43. Rh7 Rxf4 44. Rxf7 Kd3 45. Rxc7 Rxc4+ 46. Kd6
Rxb4 47. Ra7 Ra4 48. Ke6 Kc4 49. h4 Kb5 50. h5 Rh4 51. Rh7 a5 52. Kxf6 a4 53.
Kg5 Rh1 54. Ra7 Kb4 55. h6 a3 1/2-1/2

[Event "10th Kings Rapid RR 2016"]
[Site "Medias ROU"]
[Date "2016.11.29"]
[Round "7.5"]
[White "Vajda, Levente"]
[Black "Sgircea, Silvia-Raluca"]
[Result "1-0"]
[WhiteTitle "GM"]
[BlackTitle "WIM"]
[WhiteElo "2597"]
[BlackElo "2281"]
[WhiteFideId "1203975"]
[BlackFideId "1213776"]
[EventDate "2016.11.28"]

1. Nf3 c5 2. g3 g6 3. Bg2 Bg7 4. O-O Nc6 5. e4 d6 6. h3 e5 7. c3 Nge7 8. a3 O-O
9. b4 b6 10. d3 h6 11. Nbd2 Be6 12. Re1 Qd7 13. Kh2 Rad8 14. Rb1 d5 15. b5 Na5
16. exd5 Nxd5 17. Qc2 Qd6 18. Ne4 Qc7 19. c4 Ne7 20. Nc3 Bf5 21. Ne4 Be6 22. Bb2
Nf5 23. Bc3 Nb7 24. Qe2 Nd4 25. Nxd4 cxd4 26. Bb4 Rfe8 27. Nd2 Nc5 28. Bc6 Bd7
29. Bd5 Be6 30. Bc6 Bd7 31. Bg2 Bf5 32. Ne4 Nxe4 33. Bxe4 Bxe4 34. Qxe4 f5 35.
Qg2 e4 36. dxe4 fxe4 37. Rxe4 Qxc4 38. Rbe1 Rxe4 39. Qxe4 Qf7 40. Kg2 Rd7 41. h4
h5 42. Bd2 Kh7 43. Bf4 Qc4 44. Qc6 Qd5+ 45. Kg1 d3 46. Rd1 Qf5 47. Kg2 Rd5 48.
a4 Rd4 49. Qf3 Rxa4 50. Qxd3 Qxd3 51. Rxd3 Ra5 52. Rd7 Rxb5 53. Rxa7 Kg8 54. Be3
Rb1 55. Ra6 b5 56. Rxg6 Kf7 57. Rg5 b4 58. Rxh5 b3 59. Rb5 b2 60. Rb7+ Kg8 61.
Rxg7+ Kxg7 62. Bd4+ Kg6 63. Kf3 Kh5 64. Bc3 Kg6 65. Kg4 Rf1 66. Bxb2 Rxf2 67.
Be5 Ra2 68. h5+ Kh7 69. Kf5 Ra6 70. g4 Kh6 71. Bf4+ Kg7 72. g5 Ra5+ 73. Be5+ Kh7 1-0

[Event "10th Kings Rapid RR 2016"]
[Site "Medias ROU"]
[Date "2016.11.29"]
[Round "8.1"]
[White "Jianu, Vlad-Cristian"]
[Black "Sgircea, Silvia-Raluca"]
[Result "1-0"]
[WhiteTitle "GM"]
[BlackTitle "WIM"]
[WhiteElo "2544"]
[BlackElo "2281"]
[WhiteFideId "1208110"]
[BlackFideId "1213776"]
[EventDate "2016.11.28"]

1. d4 d5 2. c4 dxc4 3. e3 b5 4. a4 b4 5. Qf3 c6 6. Bxc4 e6 7. Ne2 Nf6 8. O-O Be7
9. Nd2 Bb7 10. a5 Qc8 11. e4 c5 12. d5 exd5 13. exd5 O-O 14. Rd1 Bd6 15. Nf1 Ng4
16. Bf4 Ne5 17. Bxe5 Bxe5 18. Rd2 a6 19. Neg3 Nd7 20. Re1 Bd4 21. Nf5 Bf6 22.
Ne7+ Bxe7 23. Rxe7 Nf6 24. Ng3 Re8 25. Nf5 Qb8 26. Rde2 Rxe7 27. Rxe7 Kf8 28.
Qe3 Nxd5 29. Bxd5 Bxd5 30. Qg5 1-0

[Event "10th Kings Rapid RR 2016"]
[Site "Medias ROU"]
[Date "2016.11.29"]
[Round "8.2"]
[White "Foisor, Cristina-Adela"]
[Black "Vajda, Levente"]
[Result "0-1"]
[WhiteTitle "IM"]
[BlackTitle "GM"]
[WhiteElo "2360"]
[BlackElo "2597"]
[WhiteFideId "1200496"]
[BlackFideId "1203975"]
[EventDate "2016.11.28"]

1. c4 g6 2. g3 Bg7 3. d4 Nf6 4. Bg2 O-O 5. Nc3 d6 6. Nf3 Nbd7 7. O-O e5 8. e3 c6
9. a4 a5 10. b3 Re8 11. Ra2 e4 12. Ng5 d5 13. cxd5 cxd5 14. f3 h6 15. Nh3 Nb6
16. Nf2 exf3 17. Qxf3 h5 18. Nb5 Bf5 19. h3 Qd7 20. Re2 Ne4 21. g4 hxg4 22. Nxg4
Rac8 23. Qf4 Kh7 24. Ba3 Nc3 25. Nxc3 Rxc3 26. Bc5 Nc8 27. Qg5 b6 28. Ba3 Rxb3
29. Bc1 Rb1 30. Ref2 Ne7 31. Qh4+ Kg8 32. Nf6+ Bxf6 33. Qxf6 Rc8 34. Ba3 Rxf1+
35. Rxf1 Nc6 36. h4 Qe6 37. Qg5 Nb4 38. h5 Kg7 39. hxg6 fxg6 40. Bc1 Be4 41.
Bxe4 dxe4 42. d5 Nxd5 43. Bb2+ Kg8 44. Qh4 Nc3 45. Rf6 0-1

[Event "10th Kings Rapid RR 2016"]
[Site "Medias ROU"]
[Date "2016.11.29"]
[Round "8.3"]
[White "Bulmaga, Irina"]
[Black "Nevednichy, Vladislav"]
[Result "1/2-1/2"]
[WhiteTitle "IM"]
[BlackTitle "GM"]
[WhiteElo "2387"]
[BlackElo "2541"]
[WhiteFideId "13903063"]
[BlackFideId "1205730"]
[EventDate "2016.11.28"]

1. e4 d6 2. d4 Nf6 3. Nc3 e5 4. dxe5 dxe5 5. Qxd8+ Kxd8 6. Bc4 Be6 7. Bxe6 fxe6
8. Be3 Bd6 9. f3 a6 10. Nh3 Nc6 11. O-O-O Ke7 12. Nf2 h6 13. Na4 Nd7 14. Nd3 b6
15. f4 exf4 16. Bxf4 Bxf4+ 17. Nxf4 Nde5 18. Nc3 Rad8 19. Rxd8 Rxd8 20. Rf1 g5
21. Nh5 Rf8 22. Rxf8 Kxf8 23. Ng3 Ke7 24. b3 Ng6 25. Nf1 Nce5 26. Kd2 h5 1/2-1/2

[Event "10th Kings Rapid RR 2016"]
[Site "Medias ROU"]
[Date "2016.11.29"]
[Round "8.4"]
[White "Peptan, Corina-Isabela"]
[Black "Cosma, Elena-Luminita"]
[Result "1-0"]
[WhiteTitle "IM"]
[BlackTitle "WGM"]
[WhiteElo "2395"]
[BlackElo "2324"]
[WhiteFideId "1201930"]
[BlackFideId "1201590"]
[EventDate "2016.11.28"]

1. d4 d5 2. Nf3 Nf6 3. c4 e6 4. Nc3 c5 5. e3 a6 6. dxc5 Bxc5 7. cxd5 exd5 8. a3
Nc6 9. b4 Ba7 10. b5 axb5 11. Nxb5 Bb6 12. Be2 Ba5+ 13. Bd2 Bxd2+ 14. Qxd2 Ne4
15. Qxd5 Qa5+ 16. Nd2 Bf5 17. Qxf5 Qxd2+ 18. Kf1 Nc3 19. Nc7+ Ke7 20. Bc4 Raf8
21. g3 g6 22. Qf4 Qd6 23. Kg2 Qxf4 24. gxf4 Rc8 25. Nd5+ Nxd5 26. Bxd5 Rhd8 27.
Rhd1 Na5 28. Rd3 f5 29. Rad1 b6 30. Ba2 Rxd3 31. Rxd3 Rc2 32. Bg8 Rc8 33. Bd5
Rd8 34. Rd4 Rd6 35. Kf3 Nc6 36. Rd3 Kf6 37. Ke2 Ne7 38. Bb3 Rc6 39. Ba4 Re6 40.
Bd7 Re4 41. Rd6+ Kg7 42. Rxb6 Nd5 43. Rb7 Re7 44. Kf3 Nc3 45. Bc6 Rxb7 46. Bxb7
Kf6 47. Ba6 h6 48. h4 Ke6 49. Bc4+ Kf6 50. Kg2 Ke7 51. Bb3 Ne4 52. Bc2 Nc5 53.
h5 Kf6 54. hxg6 Kxg6 55. a4 Kf6 56. a5 Na6 57. Bd3 Nb4 58. a6 Nc6 59. Bb5 Na7
60. Bd7 Kg6 61. Kg3 Kf6 62. Kh4 Kg6 63. f3 1-0

[Event "10th Kings Rapid RR 2016"]
[Site "Medias ROU"]
[Date "2016.11.29"]
[Round "8.5"]
[White "Deac, Bogdan-Daniel"]
[Black "Marin, Mihail"]
[Result "1-0"]
[WhiteTitle "GM"]
[BlackTitle "GM"]
[WhiteElo "2559"]
[BlackElo "2549"]
[WhiteFideId "1226380"]
[BlackFideId "1200020"]
[EventDate "2016.11.28"]

1. d4 Nf6 2. Nf3 g6 3. c4 Bg7 4. Nc3 O-O 5. e4 d6 6. h3 Na6 7. Be3 e5 8. d5 Nc5
9. Nd2 a5 10. a3 Qe8 11. b4 axb4 12. axb4 Rxa1 13. Qxa1 Na6 14. Qa3 Nh5 15. c5
f5 16. Nc4 Qe7 17. cxd6 cxd6 18. b5 Nc5 19. Nxd6 Nxe4 20. Ncxe4 fxe4 21. Bc5 Qc7
22. b6 Qd8 23. Nxe4 Qxd5 24. Qd3 Qxd3 25. Bxd3 Rd8 26. Bc4+ Kh8 27. Nd6 Bf8 28.
Nf7+ Kg7 29. Nxd8 Bxc5 30. Be6 Bxb6 31. Bxc8 Bxd8 32. Bxb7 Bb6 33. g3 Kf6 34.
Ke2 Ng7 35. Bc8 Bd4 36. Rc1 Ne8 37. Rc6+ Ke7 38. h4 Nd6 39. Rc7+ Kf6 40. Bb7 h6
41. Bd5 h5 42. Rd7 Bc5 43. f3 g5 44. Rc7 Bb4 45. Be4 gxh4 46. gxh4 Ba5 47. Rh7
Nxe4 48. fxe4 Kg6 49. Rd7 Bb4 50. Rd1 Be7 51. Rh1 Kf7 52. Kd3 Ke6 53. Kc4 Bd8
54. Kb5 Be7 55. Kc6 Bd8 56. Rf1 Bxh4 57. Rh1 Bf2 58. Rxh5 Bd4 59. Rh6+ Ke7 60.
Kd5 Kf7 61. Rh5 Ba1 62. Rf5+ Ke8 63. Ke6 Bb2 64. Rf7 Bd4 65. Rb7 Kf8 66. Rc7 Bb2
67. Rf7+ 1-0

[Event "10th Kings Rapid RR 2016"]
[Site "Medias ROU"]
[Date "2016.11.29"]
[Round "9.1"]
[White "Marin, Mihail"]
[Black "Jianu, Vlad-Cristian"]
[Result "1/2-1/2"]
[WhiteTitle "GM"]
[BlackTitle "GM"]
[WhiteElo "2549"]
[BlackElo "2544"]
[WhiteFideId "1200020"]
[BlackFideId "1208110"]
[EventDate "2016.11.28"]

1. d4 Nf6 2. Nf3 e6 3. g3 d5 4. Bg2 c5 5. O-O Nc6 6. c4 dxc4 7. dxc5 Qxd1 8.
Rxd1 Bxc5 9. Nbd2 c3 10. bxc3 O-O 11. Nb3 Be7 12. c4 Bd7 13. Bb2 Rfd8 14. Nfd4
Rac8 15. Nb5 Be8 16. c5 Rxd1+ 17. Rxd1 Kf8 18. Nd6 Rc7 19. e4 e5 20. Nf5 Bd7 21.
Nxe7 Kxe7 22. f3 Be6 23. Bf1 Nd7 24. Ba3 Ke8 25. Kf2 Bxb3 26. axb3 Nd4 27. b4
Nc2 28. Rd3 a5 29. bxa5 Nxa3 30. Rxa3 Rxc5 31. Bh3 Rc2+ 32. Kg1 Nc5 33. Bc8 Rb2
34. a6 Rb1+ 35. Kg2 Rb2+ 36. Kg1 Rb1+ 37. Kg2 Rb2+ 1/2-1/2

[Event "10th Kings Rapid RR 2016"]
[Site "Medias ROU"]
[Date "2016.11.29"]
[Round "9.2"]
[White "Cosma, Elena-Luminita"]
[Black "Deac, Bogdan-Daniel"]
[Result "0-1"]
[WhiteTitle "WGM"]
[BlackTitle "GM"]
[WhiteElo "2324"]
[BlackElo "2559"]
[WhiteFideId "1201590"]
[BlackFideId "1226380"]
[EventDate "2016.11.28"]

1. d4 Nf6 2. Nf3 d5 3. g3 e6 4. Bg2 b5 5. a4 b4 6. c4 bxc3 7. Nxc3 Nbd7 8. O-O
Bb7 9. a5 c5 10. Bf4 a6 11. dxc5 Bxc5 12. Ne5 Nxe5 13. Bxe5 O-O 14. Na4 Qxa5 15.
Qb3 Bb4 16. Bd4 Qb5 17. Nb6 Rad8 18. Rfc1 e5 19. Bc5 Bxc5 20. Qxb5 Bxf2+ 21.
Kxf2 axb5 22. Rc7 Bc8 23. Rc5 Be6 24. Rd1 d4 25. h3 Rd6 26. Rxb5 Rb8 27. Ra1 h5
28. Ra8 Rxa8 29. Nxa8 e4 30. Nc7 Bd7 31. Rb8+ Kh7 32. b4 d3 33. exd3 exd3 34. b5
d2 35. Bf3 d1=Q 36. Bxd1 Rxd1 37. b6 Rb1 38. Na6 Bxh3 0-1

[Event "10th Kings Rapid RR 2016"]
[Site "Medias ROU"]
[Date "2016.11.29"]
[Round "9.3"]
[White "Nevednichy, Vladislav"]
[Black "Peptan, Corina-Isabela"]
[Result "1-0"]
[WhiteTitle "GM"]
[BlackTitle "IM"]
[WhiteElo "2541"]
[BlackElo "2395"]
[WhiteFideId "1205730"]
[BlackFideId "1201930"]
[EventDate "2016.11.28"]

1. e4 c5 2. Nf3 e6 3. d4 cxd4 4. Nxd4 Nc6 5. Nc3 Qc7 6. Be3 a6 7. Qf3 Bb4 8.
O-O-O Bxc3 9. bxc3 Nge7 10. Qg3 Qxg3 11. hxg3 d5 12. exd5 exd5 13. Nxc6 bxc6 14.
Bc5 Be6 15. Rh4 a5 16. Ra4 Kd7 17. c4 Rhb8 18. Rd3 Nf5 19. cxd5 cxd5 20. Rda3
Kc6 21. Rxa5 Rxa5 22. Rxa5 h5 23. a4 g6 24. Ba3 d4 25. Bb5+ Kc7 26. Ra7+ Rb7 27.
Ra5 h4 28. gxh4 Nxh4 29. g3 Nf5 30. Bc5 Rb8 31. Ra7+ Rb7 32. Ra8 Rb8 33. Ra7+
Rb7 34. Ra5 Nd6 35. Bxd4 Nxb5 36. axb5 Bc4 37. b6+ Kd6 38. Be5+ 1-0